000 004660000a22001810004500
001 004478
003 MACL
005 20150705140336.0
008 150705b xxu||||| |||| 00| 0 eng d
040 _aMACL
_cMACL
041 _aEnglish
100 _aDevi, Premalata
_9838
245 _aSocial & Religious Institute Of Bodos
_cPremlata Devi
260 _aGeophil Publishing,
_c2004
_bGuwahati
350 _a600
650 _aSocial Science
_929
942 _k306
_cBK
_2ddc
999 _c16367
_d16367